Flaggen zu Hauptstadt #1 - Statistiken

Allgemein
  • Dieses Quiz wurde 31 mal gespielt
  • Das Durchschnittsergebnis liegt bei 17 aus 20
Antwortstatistiken
Bildquiz Antwort % Korrekt
Amsterdam
100%
Athen
100%
Berlin
100%
Kiew
100%
Madrid
100%
Ankara
97%
Brasília
97%
Budapest
97%
Buenos Aires
97%
Ottawa
93%
Peking
93%
Neu-Delhi
90%
Canberra
83%
Hanoi
83%
Riad
79%
Caracas
72%
Kuala Lumpur
72%
Rabat
72%
Bagdad
62%
Dodoma
31%
Keine übereinstimmenden Quizze gefunden
Verteilung der Resultate
Anzahl Personen mit jedem Resultat
Perzentil nach korrekt beantworteten Fragen
Ihre Resultats-Entwicklung
Sie haben dieses Quiz noch nicht gespielt